000276104 001__ 276104 000276104 005__ 20260107144936.0 000276104 0247_ $$2doi$$a10.1007/978-3-662-67192-4_29 000276104 037__ $$aDZNE-2025-00185 000276104 041__ $$aGerman 000276104 1001_ $$aMohnike, Wolfgang$$b0$$eEditor 000276104 245__ $$aNeurodegenerative und Demenzielle Erkrankungen 000276104 260__ $$aBerlin, Heidelberg$$bSpringer Berlin Heidelberg$$c2024 000276104 29510 $$aPET/CT-Atlas / Mohnike, Wolfgang (Editor) ; Berlin, Heidelberg : Springer Berlin Heidelberg, 2024, Chapter 29 ; ISBN: 978-3-662-67191-7 ; doi:10.1007/978-3-662-67192-4 000276104 300__ $$a667 - 682 000276104 3367_ $$2ORCID$$aBOOK_CHAPTER 000276104 3367_ $$07$$2EndNote$$aBook Section 000276104 3367_ $$2DRIVER$$abookPart 000276104 3367_ $$2BibTeX$$aINBOOK 000276104 3367_ $$2DataCite$$aOutput Types/Book chapter 000276104 3367_ $$0PUB:(DE-HGF)7$$2PUB:(DE-HGF)$$aContribution to a book$$bcontb$$mcontb$$s1738660467_16407 000276104 520__ $$aNeurodegenerative Erkrankungen sind auf Grund der demografischen Alterung von großer epidemiologischer Bedeutung. Hierzu zählen insbesondere Demenzerkrankungen, die durch einen Verlust kognitiver Fähigkeiten und eine Beeinträchtigung der Alltagsbewältigung charakterisiert sind. Die Betroffenen sind zunehmend auf Hilfe durch Dritte angewiesen, so dass Demenzerkrankungen auch Angehörige und Familien stark belasten. Gegenwärtig geht man für Deutschland von 1,6 Millionen Demenzbetroffenen aus, der Anstieg bis 2050 wird auf etwa 3 Millionen Betroffene geschätzt. Häufigste Ursache ist die Alzheimer Krankheit (AD), die in etwa 70 % der Fälle als Haupt- oder Teilursache einer Demenz in Betracht kommt. Weitere wesentliche Risikofaktoren sind andere neurodegenerative und zerebrovaskuläre Erkrankungen, kardiovaskuläre und pulmonale Erkrankungen, aber auch soziodemografische Faktoren, wie geringe Bildung, niedriges Einkommen und soziale Isolation. Der molekularen Bildgebung kommt heute bereits eine wichtige Rolle bei der Früh- und Differentialdiagnose dementieller Erkrankungen zu. Diese Bedeutung wird weiter zunehmen, wenn ab 2024 erste Amyloid-senkende Therapien mit Anti-Amyloid-Antikörpern in Europa zugelassen werden. Neben einer Liquorpunktion wird die Amyloid-PET dann wesentlich zur Therapieentscheidung und zum Therapiemonitoring beitragen. 000276104 536__ $$0G:(DE-HGF)POF4-353$$a353 - Clinical and Health Care Research (POF4-353)$$cPOF4-353$$fPOF IV$$x0 000276104 588__ $$aDataset connected to CrossRef Book 000276104 7001_ $$aMohnike, Konrad$$b1$$eEditor 000276104 7001_ $$aLampe, Matthias$$b2$$eEditor 000276104 7001_ $$0P:(DE-2719)2000026$$aTeipel, Stefan$$b3$$eCorresponding author 000276104 7001_ $$aKurth, Jens$$b4 000276104 7001_ $$0P:(DE-2719)2380559$$aPrudlo, Johannes$$b5 000276104 7001_ $$aMohnike, Wolfgang$$b6 000276104 7001_ $$aKrause, Bernd Joachim$$b7 000276104 773__ $$a10.1007/978-3-662-67192-4_29 000276104 909CO $$ooai:pub.dzne.de:276104$$pVDB 000276104 9101_ $$0I:(DE-588)1065079516$$6P:(DE-2719)2000026$$aDeutsches Zentrum für Neurodegenerative Erkrankungen$$b3$$kDZNE 000276104 9101_ $$0I:(DE-HGF)0$$6P:(DE-2719)2380559$$aExternal Institute$$b5$$kExtern 000276104 9131_ $$0G:(DE-HGF)POF4-353$$1G:(DE-HGF)POF4-350$$2G:(DE-HGF)POF4-300$$3G:(DE-HGF)POF4$$4G:(DE-HGF)POF$$aDE-HGF$$bGesundheit$$lNeurodegenerative Diseases$$vClinical and Health Care Research$$x0 000276104 9141_ $$y2024 000276104 9201_ $$0I:(DE-2719)1510100$$kAG Teipel$$lClinical Dementia Research (Rostock /Greifswald)$$x0 000276104 980__ $$acontb 000276104 980__ $$aVDB 000276104 980__ $$aI:(DE-2719)1510100 000276104 980__ $$aUNRESTRICTED